[Event "XXXVII Olimpiadi femminile"]
[Site "Torino ITA"]
[Date "2006.05.24"]
[Round "4.1"]
[White "Dembo, Yelena"]
[Black "Azarova, Nadezhda"]
[Result "1-0"]
[WhiteElo "2464"]
[BlackElo "2281"]
[Annotator "GRE-BLR"]
[PlyCount "113"]
[EventDate "2006.05.21"]

1. e4 c5 2. Nf3 d6 3. d4 cxd4 4. Nxd4 Nf6 5. Nc3 g6 6. Be3 Bg7 7. f3 O-O 8. Qd2
Nc6 9. O-O-O d5 10. exd5 Nxd5 11. Nxc6 bxc6 12. Bd4 Bxd4 13. Qxd4 Qb6 14. Na4
Qa5 15. b3 Rb8 16. Qc5 Qxc5 17. Nxc5 Nc3 18. Re1 Re8 19. a4 e5 20. Bc4 Kg7 21.
Re3 Nd5 22. Bxd5 cxd5 23. Rd1 Be6 24. Rxe5 Rbc8 25. Nd3 Rc3 26. Kb2 Rec8 27.
Rd2 a5 28. Nf4 Bf5 29. Ree2 d4 30. Nd5 R8c5 31. Nb6 Kf6 32. Rf2 Ke5 33. Nc4+
R5xc4 34. bxc4 Rxc4 35. Rfe2+ Kd5 36. g4 Be6 37. Re4 Kc5 38. Rd3 Rxa4 39. Ra3
Rb4+ 40. Kc1 a4 41. c3 Rc4 42. Kc2 Bd5 43. Rxd4 Rxd4 44. cxd4+ Kxd4 45. Rxa4+
Ke3 46. g5 Bxf3 47. Rh4 Bd5 48. Kc3 Be6 49. Kb4 Kf3 50. Kc5 Bg4 51. Kd4 Be6 52.
Ke5 Ba2 53. Kf6 Bd5 54. Rxh7 Kg4 55. h4 Ba2 56. Rxf7 Kxh4 57. Rg7 1-0

[Event "XXXVII Olimpiadi femminile"]
[Site "Torino ITA"]
[Date "2006.05.24"]
[Round "4.1"]
[White "Mkrtchian, Lilit"]
[Black "Fierro Baquero, Martha Lorena"]
[Result "1/2-1/2"]
[WhiteElo "2453"]
[BlackElo "2294"]
[Annotator "ARM-ECU"]
[PlyCount "62"]
[EventDate "2006.05.21"]

1. d4 c5 2. d5 Nf6 3. Nc3 d6 4. e4 g6 5. Nf3 Bg7 6. Be2 O-O 7. O-O Na6 8. h3
Nc7 9. a4 a6 10. Re1 Bd7 11. e5 Nfe8 12. Bf1 b5 13. exd6 exd6 14. Bg5 Bf6 15.
Bh6 Bg7 16. Qd2 bxa4 17. Bxg7 Nxg7 18. Nxa4 Rb8 19. b3 Qf6 20. Nc3 Rfe8 21.
Rad1 Bf5 22. Bc4 Rxe1+ 23. Rxe1 Re8 24. Rxe8+ Ngxe8 25. Be2 h5 26. Bd1 Kg7 27.
Qe3 Kf8 28. Qh6+ Kg8 29. Qe3 Kf8 30. Qh6+ Kg8 31. Qe3 Kf8 1/2-1/2

[Event "XXXVII Olimpiadi femminile"]
[Site "Torino ITA"]
[Date "2006.05.24"]
[Round "4.2"]
[White "Moncayo Romero, Evelyn"]
[Black "Danielian, Elina"]
[Result "1/2-1/2"]
[WhiteElo "2261"]
[BlackElo "2422"]
[Annotator "ARM-ECU"]
[PlyCount "91"]
[EventDate "2006.05.21"]

1. e4 c6 2. d4 d5 3. Nd2 dxe4 4. Nxe4 Bf5 5. Ng3 Bg6 6. Nf3 Nd7 7. h4 h6 8. h5
Bh7 9. Bd3 Bxd3 10. Qxd3 Qc7 11. Bd2 e6 12. O-O-O Ngf6 13. Kb1 O-O-O 14. c4 Bd6
15. Ne4 Nxe4 16. Qxe4 Nf6 17. Qc2 c5 18. Qa4 Kb8 19. g3 Ng4 20. Rhf1 Qc6 21.
Qxc6 bxc6 22. Ba5 Bc7 23. Bc3 cxd4 24. Rxd4 Rxd4 25. Bxd4 e5 26. Bc3 Re8 27. b4
Kb7 28. Nh4 Nf6 29. Nf5 Nxh5 30. Re1 a6 31. Kc2 f6 32. Rh1 g6 33. Nxh6 e4 34.
Bd4 Rd8 35. Be3 a5 36. bxa5 Ka6 37. Nf5 Rd3 38. Ne7 Nxg3 39. Rb1 Nf5 40. Nxc6
Nxe3+ 41. fxe3 Ra3 42. Kd1 Bxa5 43. Nb8+ Ka7 44. Nc6+ Ka6 45. Nb8+ Ka7 46. Nc6+
1/2-1/2

[Event "XXXVII Olimpiadi femminile"]
[Site "Torino ITA"]
[Date "2006.05.24"]
[Round "4.1"]
[White "Repkova, Eva"]
[Black "Sabirova, Olga"]
[Result "1-0"]
[WhiteElo "2346"]
[BlackElo "2212"]
[Annotator "SVK-UZB"]
[PlyCount "101"]
[EventDate "2006.05.21"]

1. e4 e5 2. Bc4 Nc6 3. Nf3 Be7 4. O-O Nf6 5. d3 O-O 6. Nbd2 d6 7. a4 h6 8. a5
a6 9. Re1 Nh7 10. c3 Ng5 11. d4 Bg4 12. d5 Nb8 13. Be2 Bc8 14. Bd3 f5 15. Nxg5
Bxg5 16. exf5 Bxf5 17. Ne4 Bxc1 18. Qxc1 Nd7 19. Qc2 Nf6 20. Ng3 Bxd3 21. Qxd3
Qd7 22. c4 Qg4 23. h3 Qf4 24. Qe2 Rae8 25. Ra3 e4 26. Qe3 g5 27. Rb3 c6 28.
Rxb7 cxd5 29. cxd5 Qxe3 30. Rxe3 Rf7 31. Rxf7 Kxf7 32. Nf5 Re5 33. Nxd6+ Kg6
34. f3 Rxd5 35. Nxe4 Rxa5 36. Nxf6 Kxf6 37. Ra3 Rb5 38. Rxa6+ Kg7 39. Ra2 Kf6
40. Kf2 Ke5 41. Ke3 h5 42. Kd3 Rd5+ 43. Kc2 Rc5+ 44. Kb1 Rb5 45. Ra4 Kf5 46.
Re4 h4 47. b4 Rd5 48. Kc2 Rd8 49. b5 Rb8 50. Rb4 Re8 51. b6 1-0

[Event "XXXVII Olimpiadi femminile"]
[Site "Torino ITA"]
[Date "2006.05.24"]
[Round "4.2"]
[White "Hamrakulova, Yulduz"]
[Black "Hagarova, Zuzana"]
[Result "1/2-1/2"]
[WhiteElo "2187"]
[BlackElo "2377"]
[Annotator "SVK-UZB"]
[PlyCount "125"]
[EventDate "2006.05.21"]

1. e4 c5 2. Nf3 Nc6 3. d3 g6 4. g3 Bg7 5. Bg2 e6 6. Nbd2 Nge7 7. O-O d6 8. Re1
b5 9. c3 a5 10. Nf1 b4 11. d4 O-O 12. Be3 bxc3 13. bxc3 cxd4 14. cxd4 d5 15. e5
Nf5 16. Rc1 Qb6 17. g4 Nxe3 18. Nxe3 f6 19. exf6 Bxf6 20. Nc2 Ra7 21. Rb1 Qd8
22. Qd2 Raf7 23. Qc3 Bd7 24. Re2 Bg7 25. h3 Rf4 26. Ne5 Nxe5 27. dxe5 Qh4 28.
f3 Qg3 29. Nd4 Re4 30. Rxe4 dxe4 31. Ne2 Qxe5 32. Qxe5 Bxe5 33. fxe4 Rc8 34.
Rb7 Rd8 35. Kf2 Bc6 36. Rb6 Bd7 37. Ke3 g5 38. Bf1 Kf7 39. Rb1 Ke7 40. Nd4 Ba4
41. Nb3 Bf4+ 42. Kf3 Rc8 43. Bd3 Rc3 44. Ke2 Bd7 45. Nxa5 Ra3 46. Nc4 Rxa2+ 47.
Rb2 Ra1 48. Rb7 Kd8 49. Rb1 Ra2+ 50. Rb2 Ra1 51. Rb1 Ra4 52. Rb2 Bc6 53. Kf3
Kc7 54. Rb1 Ra8 55. Rb2 h6 56. Rb1 Ra2 57. Rb2 Ra1 58. Rb1 Ra2 59. Rb2 Ra1 60.
Rb1 Ra8 61. Rb2 Ra1 62. Rb1 Ra2 63. Rb2 1/2-1/2

[Event "XXXVII Olimpiadi femminile"]
[Site "Torino ITA"]
[Date "2006.05.24"]
[Round "4.3"]
[White "Pokorna, Regina"]
[Black "Khamrakulova, Iroda"]
[Result "1-0"]
[WhiteElo "2338"]
[BlackElo "2200"]
[Annotator "SVK-UZB"]
[PlyCount "111"]
[EventDate "2006.05.21"]

1. e4 c6 2. d4 d5 3. exd5 cxd5 4. c4 Nf6 5. Nc3 g6 6. cxd5 Bg7 7. Bc4 O-O 8.
Nge2 Nbd7 9. Bb3 Nb6 10. Nf4 Bf5 11. O-O h6 12. Re1 Kh8 13. h3 Rc8 14. Qe2 g5
15. Nh5 Nxh5 16. Qxh5 Bg6 17. Qd1 Re8 18. Qf3 a6 19. h4 gxh4 20. Qg4 Nc4 21.
Qxh4 Kh7 22. Ne4 Qxd5 23. Ng5+ Kg8 24. Nf3 Qh5 25. Qxh5 Bxh5 26. Ne5 Nxe5 27.
dxe5 Red8 28. Bf4 Kf8 29. Rac1 Bg4 30. f3 Bf5 31. Kf2 Ke8 32. g4 Bg6 33. Red1
e6 34. Ba4+ b5 35. Bb3 Bf8 36. Kg3 h5 37. gxh5 Bxh5 38. Rxd8+ Kxd8 39. Bc2 Be7
40. Rd1+ Ke8 41. Be4 Rc7 42. Rh1 Bg6 43. Bxg6 fxg6 44. Rc1 Ra7 45. Kg4 Kf7 46.
Bg5 Bf8 47. Bf6 Rd7 48. Rc2 Rd3 49. f4 Rd1 50. Rc7+ Ke8 51. Rc6 Rd2 52. Rxe6+
Kf7 53. Rxa6 Rxb2 54. Bg5 b4 55. e6+ Kg7 56. e7 1-0

[Event "XXXVII Olimpiadi femminile"]
[Site "Torino ITA"]
[Date "2006.05.24"]
[Round "4.1"]
[White "Reizniece, Dana"]
[Black "Hernandez Guerrero, Yadira"]
[Result "1/2-1/2"]
[WhiteElo "2287"]
[BlackElo "2225"]
[Annotator "LAT-MEX"]
[PlyCount "95"]
[EventDate "2006.05.21"]

1. c4 c5 2. Nf3 Nc6 3. d4 cxd4 4. Nxd4 g6 5. e4 Bg7 6. Be3 d6 7. Nc3 Nf6 8. f3
O-O 9. Qd2 a6 10. Be2 Bd7 11. O-O Nxd4 12. Bxd4 Bc6 13. Rfc1 Nd7 14. Be3 b6 15.
Nd5 Rc8 16. Rab1 Re8 17. Kh1 Ba8 18. b4 Rb8 19. Rc2 e6 20. Nf4 Qe7 21. Rd1 Bf8
22. Nh3 Rbd8 23. Bf4 Ne5 24. Qd4 Nc6 25. Qxb6 e5 26. Bg5 f6 27. Bc1 Rb8 28. Qf2
Nxb4 29. Rcd2 Red8 30. c5 dxc5 31. Bc4+ Kh8 32. a3 Nc6 33. Bxa6 Rxd2 34. Qxd2
Rd8 35. Qc2 Nd4 36. Qc4 Bc6 37. Nf2 Bd7 38. f4 Be6 39. Qf1 Bb3 40. Rd3 c4 41.
Rc3 Qa7 42. Bxc4 Rc8 43. Rxb3 Nxb3 44. Bxb3 Qxf2 45. Qxf2 Rxc1+ 46. Qg1 Rxg1+
47. Kxg1 Bxa3 48. fxe5 1/2-1/2

[Event "XXXVII Olimpiadi femminile"]
[Site "Torino ITA"]
[Date "2006.05.24"]
[Round "4.2"]
[White "Carreras Mendiolea, Paulina Adria"]
[Black "Safranska, Anda"]
[Result "1-0"]
[WhiteElo "1935"]
[BlackElo "2279"]
[Annotator "LAT-MEX"]
[PlyCount "71"]
[EventDate "2006.05.21"]

1. e4 g6 2. d4 Bg7 3. Nf3 d6 4. h3 Nf6 5. Nc3 O-O 6. Bc4 Nxe4 7. Bxf7+ Rxf7 8.
Nxe4 h6 9. O-O Nd7 10. Re1 Nf8 11. c3 e6 12. Be3 Bd7 13. Qd2 g5 14. c4 b6 15.
Rac1 Bc6 16. d5 Bd7 17. Nh2 e5 18. h4 gxh4 19. Bxh6 Nh7 20. Nf3 h3 21. Bg5 Qf8
22. Rc3 hxg2 23. Nh4 Nxg5 24. Qxg5 Qe7 25. Qh5 Rf4 26. Ng6 Qf7 27. Ng5 Rh4 28.
Qxh4 Qxg6 29. Rg3 Qf5 30. Ree3 Rf8 31. Ref3 Qb1+ 32. Kxg2 Rxf3 33. Rxf3 Bf5 34.
Qh5 Bg6 35. Qh3 Be8 36. Qe6+ 1-0

[Event "XXXVII Olimpiadi femminile"]
[Site "Torino ITA"]
[Date "2006.05.24"]
[Round "4.3"]
[White "Berzina, Ilze"]
[Black "Estrada Gaspar, Nelly Massiel"]
[Result "1/2-1/2"]
[WhiteElo "2278"]
[BlackElo "2029"]
[Annotator "LAT-MEX"]
[PlyCount "107"]
[EventDate "2006.05.21"]

1. e4 e5 2. Nf3 Nf6 3. Nxe5 d6 4. Nc4 Nxe4 5. Nc3 Nxc3 6. bxc3 g6 7. d4 Bg7 8.
Be2 O-O 9. O-O Nd7 10. Bf3 Nb6 11. Ne3 c6 12. Qd3 Be6 13. a4 a5 14. Bb2 d5 15.
Rfe1 f5 16. Nf1 Re8 17. Bc1 Nc4 18. Rb1 Qd7 19. Bf4 h6 20. h4 Bf6 21. Bxh6 Bxh4
22. Nd2 Qh7 23. Nxc4 dxc4 24. Qd2 Qd7 25. Bf4 Bf6 26. Be5 Bxe5 27. Rxe5 Bf7 28.
Rbe1 Re6 29. Rxe6 Bxe6 30. Qg5 Kf7 31. Qh6 Rg8 32. Re5 Bd5 33. Qf4 Bxf3 34.
Qxf3 Re8 35. Qe2 Rxe5 36. Qxe5 Qe7 37. Qxa5 Qe1+ 38. Kh2 Qxf2 39. Qc7+ Kf6 40.
Qd8+ Kf7 41. Qd7+ Kg8 42. Qc8+ Kg7 43. Qxb7+ Kh6 44. Qb1 Qf4+ 45. Kh1 Qe3 46.
Qf1 Qxc3 47. Qf4+ Kg7 48. Qe5+ Kh6 49. Qf4+ Kg7 50. Qe5+ Kh6 51. a5 Qxc2 52.
Qf4+ Kg7 53. Qc7+ Kh6 54. Qf4+ 1/2-1/2

[Event "XXXVII Olimpiadi femminile"]
[Site "Torino ITA"]
[Date "2006.05.24"]
[Round "4.1"]
[White "Zapata, Karen"]
[Black "Calzetta Ruiz, Monica"]
[Result "0-1"]
[WhiteElo "2236"]
[BlackElo "2317"]
[Annotator "PER-ESP"]
[PlyCount "151"]
[EventDate "2006.05.21"]

1. e4 c5 2. Nc3 g6 3. f4 Bg7 4. Nf3 Nc6 5. g3 d6 6. Bg2 e6 7. O-O Nge7 8. d3
O-O 9. Be3 Nd4 10. Qd2 Nec6 11. Nd1 Nxf3+ 12. Bxf3 b6 13. Bg2 d5 14. f5 gxf5
15. exd5 exd5 16. Bh6 Be6 17. Bxg7 Kxg7 18. Ne3 Ne7 19. Qe2 Kh8 20. Qh5 Qd6 21.
Rae1 Rae8 22. Bh3 d4 23. Nxf5 Nxf5 24. Bxf5 Bxf5 25. Qxf5 Re7 26. Re4 Rfe8 27.
Rh4 Qg6 28. Qf4 Rg8 29. Rh6 Qg5 30. Rf6 Qxf4 31. R1xf4 Rg7 32. Kf2 Kg8 33. Rc6
Rg6 34. Rc8+ Kg7 35. b4 Rge6 36. bxc5 Re2+ 37. Kf3 R7e3+ 38. Kg4 Rxh2 39. cxb6
h5+ 40. Kf5 axb6 41. Rxd4 Rxg3 42. a4 Rg6 43. Rdd8 Rf2+ 44. Ke5 Re6+ 45. Kd5 h4
46. Rg8+ Kf6 47. Rh8 Rf4 48. c4 Rf5+ 49. Kd4 Kg5 50. Rh7 Rd6+ 51. Ke3 Kg4 52.
Rg8+ Kh3 53. Ke4 Rf1 54. Rgh8 Re1+ 55. Kf5 Rd4 56. Rh6 Re3 57. Rxb6 Rexd3 58.
Rc8 Ra3 59. c5 Rf3+ 60. Ke5 Rxa4 61. c6 Rc4 62. c7 Rfc3 63. Kd6 f5 64. Kd7 f4
65. Rf6 f3 66. Rf7 Kh2 67. Kd6 h3 68. Kd5 Kg2 69. Rg8+ Kf2 70. Rh7 Rxc7 71.
Rxh3 Rd3+ 72. Ke4 Re3+ 73. Kd4 Rd7+ 74. Kc4 Ke2 75. Rgg3 Re4+ 76. Kc3 0-1

[Event "XXXVII Olimpiadi femminile"]
[Site "Torino ITA"]
[Date "2006.05.24"]
[Round "4.2"]
[White "Llaneza Vega, Patricia"]
[Black "Morales Mendoza, Luciana"]
[Result "1-0"]
[WhiteElo "2276"]
[BlackElo "2154"]
[Annotator "PER-ESP"]
[PlyCount "119"]
[EventDate "2006.05.21"]

1. e4 e6 2. d4 d5 3. Nd2 Nf6 4. e5 Nfd7 5. Bd3 c5 6. c3 Nc6 7. Ngf3 cxd4 8.
cxd4 g6 9. h4 f6 10. h5 fxe5 11. dxe5 Ndxe5 12. Nxe5 Nxe5 13. Nf3 Qa5+ 14. Kf1
Nxd3 15. Qxd3 gxh5 16. Qd4 Rg8 17. Qe5 Qb5+ 18. Kg1 Qd3 19. Qxh5+ Qg6 20. Bf4
Bd7 21. Ne5 Qxh5 22. Rxh5 Bg7 23. Rc1 Rc8 24. Rxc8+ Bxc8 25. Rxh7 Bxe5 26. Bxe5
Rg6 27. f3 Bd7 28. g4 Bc6 29. Kf2 Rg8 30. Bd4 a6 31. Kg3 Rg6 32. f4 Kf8 33. Kh4
Kg8 34. Rh8+ Kf7 35. Kh5 Rg8 36. Rxg8 Kxg8 37. Kg6 Bb5 38. Kf6 Be2 39. g5 Bg4
40. b4 Bf5 41. a3 Kf8 42. g6 Kg8 43. g7 Bg4 44. Ke7 b6 45. Kf6 b5 46. Ke7 Bf5
47. Kd6 Kf7 48. Kc7 Bc2 49. Kb6 Ba4 50. Kxa6 Kg8 51. Kb6 Kf7 52. Kc7 Bc2 53.
Kd6 Bb3 54. g8=Q+ Kxg8 55. Kxe6 Bd1 56. f5 Bg4 57. a4 bxa4 58. b5 Be2 59. b6
Ba6 60. f6 1-0

[Event "XXXVII Olimpiadi femminile"]
[Site "Torino ITA"]
[Date "2006.05.24"]
[Round "4.3"]
[White "Aliaga Fernandez, Ingrid Yadira"]
[Black "Hernandez Estevez, Yudania"]
[Result "0-1"]
[WhiteElo "2019"]
[BlackElo "2262"]
[Annotator "PER-ESP"]
[PlyCount "136"]
[EventDate "2006.05.21"]

1. e4 d6 2. d4 Nf6 3. Nc3 g6 4. f4 Bg7 5. Nf3 c5 6. Bb5+ Bd7 7. e5 Ng4 8. e6
Bxb5 9. exf7+ Kd7 10. Nxb5 Qa5+ 11. Nc3 cxd4 12. Nxd4 h5 13. h3 Nc6 14. Nxc6
Bxc3+ 15. Kf1 bxc6 16. hxg4 Bxb2 17. Bxb2 Qb5+ 18. Qe2 Qxb2 19. Re1 Qf6 20. g3
Qxf7 21. Qa6 Rhb8 22. Rh2 Rb6 23. Qa5 Rb5 24. Qa4 Qd5 25. Rhe2 Qf3+ 26. Rf2
Qxg4 27. Qe4 Re8 28. a4 Rb7 29. Kg2 Qf5 30. Qe2 Rb6 31. c4 Rb3 32. Rf3 Rxf3 33.
Qxf3 Qc2+ 34. Kh3 Rb8 35. Qe3 Qf5+ 36. Kg2 Rb2+ 37. Re2 Rxe2+ 38. Qxe2 h4 39.
Qe3 c5 40. Qb3 Qg4 41. Qb7+ Ke8 42. Qxa7 Qxg3+ 43. Kh1 Qf3+ 44. Kg1 h3 45. Qb8+
Kf7 46. Qb2 Qd1+ 47. Kh2 Qxa4 48. Qc3 Qd1 49. Kxh3 Qd4 50. Qc1 Qe4 51. Kg3 Qd3+
52. Kg4 Kf6 53. Qb2+ Qd4 54. Qb8 Kf7 55. Qb3 e5 56. Qb7+ Kf6 57. Qc7 Qxf4+ 58.
Kh3 Qf5+ 59. Kg3 Qd3+ 60. Kg2 Kg5 61. Qe7+ Kf4 62. Qf6+ Ke3 63. Qf2+ Ke4 64.
Qh4+ Kf5 65. Qe7 Qd2+ 66. Kf1 Kf4 67. Qh4+ Ke3 68. Qg3+ Kd4 0-1

[Event "XXXVII Olimpiadi femminile"]
[Site "Torino ITA"]
[Date "2006.05.24"]
[Round "4.1"]
[White "Goi, Veronika"]
[Black "Zsiltzova-Lisenko, Lubov"]
[Result "0-1"]
[WhiteElo "1913"]
[BlackElo "2263"]
[Annotator "ITA2-IBCA"]
[PlyCount "152"]
[EventDate "2006.05.21"]

1. d4 d5 2. c4 dxc4 3. e4 e5 4. Nf3 exd4 5. Bxc4 Nc6 6. O-O Bc5 7. Nbd2 Nf6 8.
e5 Nd5 9. Qb3 Be6 10. a3 O-O 11. Qxb7 Na5 12. Qb5 Bb6 13. Bxd5 Qxd5 14. Qd3 h6
15. b4 Nb3 16. Nxb3 Qxb3 17. Qxb3 Bxb3 18. Bf4 a5 19. b5 Rfd8 20. a4 Be6 21.
Rfd1 g5 22. Bd2 Rd5 23. h3 Rad8 24. Re1 Rc5 25. Rec1 Rxc1+ 26. Rxc1 Bb3 27. Ra1
Rd5 28. Ra3 Bd1 29. Kf1 Kg7 30. Ne1 Rxe5 31. Nd3 Re2 32. Bc1 Rc2 33. Ke1 Bh5
34. Bd2 f6 35. g4 Bg6 36. Ke2 Be4 37. f3 Bd5 38. Kd1 Ra2 39. Rxa2 Bxa2 40. Ke2
Bc4 41. f4 Kf7 42. fxg5 hxg5 43. Be1 Ke6 44. Kd2 Bb3 45. Nb2 Ke5 46. Kd3 Kf4
47. Bf2 Ke5 48. Bg3+ Kd5 49. h4 gxh4 50. Bxh4 Ba2 51. Bxf6 Bb1+ 52. Kd2 Bg6 53.
Nd3 Be4 54. Nb2 Bc5 55. Bd8 Bb4+ 56. Ke2 Bd6 57. Bg5 Ba3 58. Bc1 d3+ 59. Kd2
Bb4+ 60. Ke3 Bc5+ 61. Kf4 Bh7 62. Bd2 Ba3 63. Nd1 Kc4 64. Bxa5 Bd6+ 65. Ke3 Kb3
66. Nc3 Be5 67. Ne4 Kxa4 68. Bd2 Kxb5 69. Kxd3 c5 70. Ke3 Kc4 71. Ba5 Bd4+ 72.
Kf4 Kd3 73. Ng5 Be3+ 74. Ke5 Bxg5 75. Ke6 c4 76. Kf7 Bd2 0-1

[Event "XXXVII Olimpiadi femminile"]
[Site "Torino ITA"]
[Date "2006.05.24"]
[Round "4.3"]
[White "Brunello, Marina"]
[Black "Debowska, Teresa"]
[Result "1-0"]
[WhiteElo "1920"]
[BlackElo "2041"]
[Annotator "ITA2-IBCA"]
[PlyCount "165"]
[EventDate "2006.05.21"]

1. e4 c5 2. Nf3 Nc6 3. d4 cxd4 4. Nxd4 g6 5. Nc3 Bg7 6. Be3 Nf6 7. Bc4 O-O 8.
Bb3 Qa5 9. f3 d5 10. exd5 Nb4 11. Qd2 Nbxd5 12. Nxd5 Qxd2+ 13. Kxd2 Nxd5 14.
Bxd5 Rd8 15. Bb3 Bxd4 16. Bxd4 Rxd4+ 17. Ke3 Rd8 18. Rad1 Bd7 19. Rd2 Bc6 20.
Rhd1 Rxd2 21. Rxd2 e6 22. Kf4 Kg7 23. Rd6 Re8 24. Bc4 Re7 25. Bb3 e5+ 26. Ke3
f5 27. Bd5 Be8 28. Re6 Rxe6 29. Bxe6 Kf6 30. Bd5 b6 31. c4 Ke7 32. b4 Kd6 33.
Bg8 h6 34. Bd5 a5 35. a3 Ba4 36. Kd3 axb4 37. axb4 g5 38. Bf7 Bd7 39. Bg8 Be8
40. Bh7 f4 41. Ke4 Ba4 42. Kd3 Bd7 43. Ke4 Be6 44. Kd3 g4 45. fxg4 Bxg4 46. Be4
Be6 47. Bf3 Bf7 48. Be4 Be8 49. Bf3 Ba4 50. Be4 Bb3 51. Bf3 Ba2 52. Bb7 Bb1+
53. Kc3 e4 54. Kd4 e3 55. Bf3 Bc2 56. c5+ bxc5+ 57. bxc5+ Kc7 58. g3 fxg3 59.
hxg3 Bf5 60. Kxe3 Bc8 61. Kf4 Kd8 62. c6 Ke7 63. Bg4 Ba6 64. c7 h5 65. c8=Q
Bxc8 66. Bxc8 h4 67. g4 Kf6 68. Kf3 Kg5 69. Kg2 Kf4 70. Kh3 Kg5 71. Bd7 Kh6 72.
Kxh4 Kg6 73. g5 Kg7 74. Kh5 Kh7 75. Kg4 Kg6 76. Kf4 Kf7 77. Kf5 Kg7 78. Ba4 Kf7
79. Bb5 Kg7 80. Bc4 Kh7 81. Kf6 Kh8 82. Kf7 Kh7 83. g6+ 1-0

[Event "XXXVII Olimpiadi femminile"]
[Site "Torino ITA"]
[Date "2006.05.24"]
[Round "4.1"]
[White "Atalik Polovnikova, Ekaterina"]
[Black "Cedikova, Katerina"]
[Result "1-0"]
[WhiteElo "2393"]
[BlackElo "2232"]
[Annotator "TUR-CZE"]
[PlyCount "83"]
[EventDate "2006.05.21"]

1. d4 Nf6 2. c4 g6 3. Nc3 Bg7 4. e4 d6 5. Nf3 O-O 6. h3 Nc6 7. Bg5 h6 8. Be3 e5
9. d5 Ne7 10. g4 Ne8 11. Rg1 c6 12. Bd3 b5 13. dxc6 bxc4 14. Bxc4 Nxc6 15. Rc1
Rb8 16. b3 Kh7 17. Nd5 Be6 18. Qd2 a5 19. g5 Nd4 20. Nxd4 exd4 21. Bxd4 Bxd4
22. Qxd4 hxg5 23. Ne3 a4 24. Rg3 axb3 25. axb3 Ra8 26. Kf1 Qe7 27. Bd5 Rb8 28.
Ra1 Rc8 29. Kg2 Rc7 30. Ra8 Ng7 31. Rxf8 Qxf8 32. Rxg5 Qe7 33. Rg3 Nh5 34. Rf3
Qg5+ 35. Kh2 Rc1 36. Ng4 Rc7 37. Bxe6 fxe6 38. Qxd6 Re7 39. Qd8 Nf4 40. Qf8 Nh5
41. Nf6+ Nxf6 42. Qxe7+ 1-0

[Event "XXXVII Olimpiadi femminile"]
[Site "Torino ITA"]
[Date "2006.05.24"]
[Round "4.2"]
[White "Sikorova, Olga"]
[Black "Topel, Zehra"]
[Result "1/2-1/2"]
[WhiteElo "2276"]
[BlackElo "2132"]
[Annotator "TUR-CZE"]
[PlyCount "61"]
[EventDate "2006.05.21"]

1. e4 c5 2. Nf3 Nc6 3. Bc4 e5 4. Nc3 Be7 5. d3 Nf6 6. O-O d6 7. Ng5 O-O 8. f4
h6 9. Nf3 exf4 10. Bxf4 Bg4 11. h3 Bh5 12. g4 Bg6 13. a3 Nd4 14. Qd2 Qb6 15.
Rab1 a6 16. Nxd4 cxd4 17. Ne2 Rac8 18. Bb3 a5 19. a4 Nd7 20. Ng3 Nc5 21. Bd5
Ne6 22. Bxe6 fxe6 23. Bxh6 Rxf1+ 24. Rxf1 Qxb2 25. Rf2 Qb1+ 26. Kg2 Kh7 27. Bg5
Bxg5 28. Qxg5 Rxc2 29. Qh4+ Kg8 30. Qd8+ Kh7 31. Qh4+ 1/2-1/2

[Event "XXXVII Olimpiadi femminile"]
[Site "Torino ITA"]
[Date "2006.05.24"]
[Round "4.1"]
[White "Berezina, Irina"]
[Black "Maric, Alisa"]
[Result "1/2-1/2"]
[WhiteElo "2281"]
[BlackElo "2415"]
[Annotator "AUS-SCG"]
[PlyCount "139"]
[EventDate "2006.05.21"]

1. d4 Nf6 2. Nf3 e6 3. Bg5 c5 4. e3 h6 5. Bh4 b6 6. Bd3 Bb7 7. O-O Be7 8. Nbd2
cxd4 9. exd4 O-O 10. c3 d6 11. Qe2 Nbd7 12. Rad1 Re8 13. Bc2 a6 14. a4 Qc7 15.
Rfe1 Bc6 16. Ra1 b5 17. axb5 axb5 18. Bb3 Qb7 19. Rxa8 Qxa8 20. h3 Bf8 21. Bg3
Nb6 22. Qd3 Qa6 23. Nh2 Qb7 24. Nhf3 Ra8 25. Bh4 Nbd5 26. Bxf6 Nxf6 27. Nh4 Bd5
28. Bc2 Ra2 29. Rb1 g6 30. Qf1 Bg7 31. Nhf3 Nh5 32. Ne1 b4 33. Nd3 bxc3 34.
bxc3 Qc7 35. Nb4 Rxc2 36. Nxc2 Qxc3 37. Qd1 Bxd4 38. Nxd4 Qxd4 39. Nf1 Qe4 40.
f3 Qe5 41. Qd2 Nf4 42. Re1 Qg5 43. Kh2 Bb7 44. Rb1 Ba6 45. Ng3 h5 46. Ne4 Qe5
47. Qxd6 Nd3+ 48. Qxe5 Nxe5 49. Kg3 Bd3 50. Rb8+ Kg7 51. Kf4 Nc6 52. Rb7 Bxe4
53. Kxe4 Kf6 54. g4 hxg4 55. hxg4 g5 56. f4 gxf4 57. Kxf4 Kg6 58. Ke4 Kf6 59.
Rb1 Ne7 60. Rf1+ Kg6 61. Ke5 Nd5 62. Rf3 Kg7 63. Kd6 Kg6 64. Kd7 Kg7 65. Ke8
Nf6+ 66. Ke7 Nd5+ 67. Ke8 Nf6+ 68. Ke7 Nd5+ 69. Kd6 Nf6 70. Ke7 1/2-1/2

[Event "XXXVII Olimpiadi femminile"]
[Site "Torino ITA"]
[Date "2006.05.24"]
[Round "4.2"]
[White "Chelushkina, Irina"]
[Black "Caoili, Arianne"]
[Result "0-1"]
[WhiteElo "2320"]
[BlackElo "2169"]
[Annotator "AUS-SCG"]
[PlyCount "88"]
[EventDate "2006.05.21"]

1. g3 Nf6 2. Bg2 d5 3. Nf3 Bf5 4. d3 h6 5. Nbd2 e6 6. O-O Be7 7. Qe1 O-O 8. e4
Bh7 9. Qe2 c5 10. e5 Nfd7 11. Re1 Nc6 12. a3 Qc7 13. h4 b5 14. Nf1 Rab8 15. Bf4
b4 16. axb4 Nxb4 17. b3 c4 18. bxc4 dxc4 19. Rec1 Nb6 20. Ne3 cxd3 21. cxd3 Qd7
22. d4 Rfc8 23. h5 Na4 24. d5 Rxc1+ 25. Rxc1 Nd3 26. Rc4 Rb2 27. Nd2 Bb4 28.
Nd1 Nxf4 29. Rxf4 Nc3 30. Qg4 Bf5 31. Rxf5 exf5 32. e6 fxe6 33. Qg6 Rxd2 34.
Nxc3 Bxc3 35. dxe6 Qe7 36. Qxf5 Qf6 37. e7 Qxf5 38. e8=Q+ Qf8 39. Qe6+ Kh8 40.
Kh2 Rxf2 41. Qe3 Bb4 42. Qxa7 Bc5 43. Qb7 Rf5 44. g4 Qd6+ 0-1

[Event "XXXVII Olimpiadi femminile"]
[Site "Torino ITA"]
[Date "2006.05.24"]
[Round "4.2"]
[White "Bellin, Jana M."]
[Black "Przezdziecka, Marta"]
[Result "0-1"]
[WhiteElo "2170"]
[BlackElo "2265"]
[Annotator "POL-ENG"]
[PlyCount "74"]
[EventDate "2006.05.21"]

1. d4 g6 2. c4 Bg7 3. Nc3 c5 4. d5 Bxc3+ 5. bxc3 f5 6. Nf3 Nf6 7. Bf4 d6 8. e3
Qa5 9. Qc2 Nbd7 10. Bd3 Nb6 11. O-O Bd7 12. Nd2 h6 13. f3 Qa4 14. Qb3 O-O-O 15.
e4 g5 16. Be3 f4 17. Bf2 e5 18. dxe6 Bxe6 19. Bc2 Qa6 20. e5 dxe5 21. Rfd1 Nxc4
22. Nxc4 Bxc4 23. Bf5+ Kc7 24. Qc2 Qc6 25. Re1 Rhe8 26. Bg6 Re7 27. Qb2 b6 28.
Qa3 a5 29. Bc2 Rd2 30. Ba4 Bb5 31. Bxb5 Qxb5 32. Rab1 Qc4 33. Rb3 e4 34. Bd4
Nd5 35. Qc1 e3 36. Bxe3 fxe3 37. Rxe3 Nxe3 0-1

[Event "XXXVII Olimpiadi femminile"]
[Site "Torino ITA"]
[Date "2006.05.24"]
[Round "4.3"]
[White "Majdan, Joanna"]
[Black "Tidman, Sophie E."]
[Result "1-0"]
[WhiteElo "2297"]
[BlackElo "2086"]
[Annotator "POL-ENG"]
[PlyCount "67"]
[EventDate "2006.05.21"]

1. e4 e6 2. d4 d5 3. Nc3 Bb4 4. Qd3 Nf6 5. e5 Nfd7 6. Qg3 Kf8 7. Nh3 b6 8. Nf4
Qe7 9. a3 Bxc3+ 10. bxc3 Ba6 11. Bxa6 Nxa6 12. Qd3 Nab8 13. c4 c6 14. cxd5 cxd5
15. Qc3 Na6 16. a4 Kg8 17. O-O h5 18. a5 Qd8 19. axb6 Qxb6 20. Bd2 Rb8 21. Qa3
Nb4 22. Bxb4 Qxb4 23. Qxa7 Rb7 24. Qa6 Nb8 25. Qa8 Kh7 26. Nd3 Qb5 27. Nc5 Rb6
28. Qa7 Rf8 29. Qa3 Rc8 30. Qf3 Kg6 31. Ra7 Rf8 32. Ra3 Qb2 33. Qd3+ Kh6 34.
Na4 1-0

[Event "XXXVII Olimpiadi femminile"]
[Site "Torino ITA"]
[Date "2006.05.24"]
[Round "4.1"]
[White "Titova-Boric, Elena"]
[Black "Hoang, Thi Bao Tram"]
[Result "0-1"]
[WhiteElo "2284"]
[BlackElo "2349"]
[Annotator "BIH-VIE"]
[PlyCount "80"]
[EventDate "2006.05.21"]

1. e4 c6 2. d4 d5 3. Nd2 g6 4. e5 Bg7 5. Bd3 Nh6 6. Ndf3 a5 7. h3 Na6 8. c3 O-O
9. Bf4 f6 10. Qd2 Nf7 11. exf6 exf6 12. Ne2 Nc7 13. O-O Ne6 14. Rfe1 Re8 15.
Rad1 Bd7 16. c4 Qb6 17. b3 Bf8 18. Qc2 Bb4 19. c5 Qd8 20. Rf1 b6 21. cxb6 Qxb6
22. Bxg6 hxg6 23. Qxg6+ Ng7 24. Ng3 Nh8 25. Qxf6 Re6 26. Qh4 Ng6 27. Qg4 Qd8
28. Bg5 Qe8 29. Nh5 Qf7 30. Nxg7 Qxg7 31. h4 Bd6 32. Nd2 Re4 33. Qf3 Rf8 34.
Qc3 Bb4 35. Qg3 Rg4 36. Qd3 Nxh4 37. Bxh4 Rxh4 38. Nf3 Rh3 39. g3 Bf5 40. Qe3
Be4 0-1

[Event "XXXVII Olimpiadi femminile"]
[Site "Torino ITA"]
[Date "2006.05.24"]
[Round "4.2"]
[White "Le, Thanh Tu"]
[Black "Dengler, Dijana"]
[Result "1-0"]
[WhiteElo "2239"]
[BlackElo "2144"]
[Annotator "BIH-VIE"]
[PlyCount "67"]
[EventDate "2006.05.21"]

1. d4 d5 2. c4 e6 3. Nf3 Nf6 4. g3 dxc4 5. Bg2 Nbd7 6. Qa4 c5 7. dxc5 Bxc5 8.
Qxc4 O-O 9. O-O a6 10. Qc2 Qe7 11. Nc3 Rb8 12. e4 e5 13. Bg5 Qe6 14. Rad1 b5
15. Bxf6 Nxf6 16. Nd5 Ba7 17. Nxf6+ Qxf6 18. Qc7 Bg4 19. Qxa7 Bxf3 20. Bxf3
Qxf3 21. Rfe1 Qf6 22. Rd5 h5 23. Qc7 Rbe8 24. h4 Re6 25. Kg2 Rfe8 26. Re3 R6e7
27. Qc5 Qg6 28. Rd6 Re6 29. Rd7 Rc6 30. Qd5 Qe6 31. Rf3 f6 32. Rd3 Kh7 33. Ra7
Re7 34. Rxe7 1-0